<?xml version="1.0" encoding="UTF-8"?>
<record
    xmlns:xsi="http://www.w3.org/2001/XMLSchema-instance"
    xsi:schemaLocation="http://www.loc.gov/MARC21/slim http://www.loc.gov/standards/marcxml/schema/MARC21slim.xsd"
    xmlns="http://www.loc.gov/MARC21/slim">

  <leader>01420nam a2200289Ia 4500</leader>
  <controlfield tag="003">OSt</controlfield>
  <controlfield tag="005">20241203103220.0</controlfield>
  <controlfield tag="008">200812s9999    xx            000 0 und d</controlfield>
  <datafield tag="020" ind1=" " ind2=" ">
    <subfield code="a">7500436157</subfield>
  </datafield>
  <datafield tag="020" ind1=" " ind2=" ">
    <subfield code="a">9787500436157</subfield>
  </datafield>
  <datafield tag="040" ind1=" " ind2=" ">
    <subfield code="c">GETS</subfield>
  </datafield>
  <datafield tag="041" ind1=" " ind2=" ">
    <subfield code="a">chi</subfield>
    <subfield code="h">eng</subfield>
  </datafield>
  <datafield tag="050" ind1=" " ind2=" ">
    <subfield code="a">BR331</subfield>
    <subfield code="b">.C5 2003&#xA0;</subfield>
  </datafield>
  <datafield tag="100" ind1=" " ind2=" ">
    <subfield code="a">Luther,&#xA0;Martin</subfield>
  </datafield>
  <datafield tag="245" ind1=" " ind2=" ">
    <subfield code="a">&#x9A6C;&#x4E01;&#x8DEF;&#x5FB7;&#x6587;&#x9009;</subfield>
    <subfield code="b">= The selected works of Martin Luther /</subfield>
    <subfield code="c">&#x9A6C;&#x4E01;&#xB7;&#x8DEF;&#x5FB7; (Martin Luther ) &#x8457;; &#x7FFB;&#x8BD1;&#x5C0F;&#x7EC4;&#x8BD1;</subfield>
  </datafield>
  <datafield tag="246" ind1=" " ind2=" ">
    <subfield code="a">&#x99AC;&#x4E01; &#x8DEF;&#x5FB7;&#x6587;&#x9078;</subfield>
  </datafield>
  <datafield tag="260" ind1=" " ind2=" ">
    <subfield code="a">&#x5317;&#x4EAC;:&#xA0;</subfield>
    <subfield code="b">&#x4E2D;&#x56FD;&#x793E;&#x4F1A;&#x79D1;&#x5B66;&#x51FA;&#x7248;&#x793E;,</subfield>
    <subfield code="c">2003</subfield>
  </datafield>
  <datafield tag="300" ind1=" " ind2=" ">
    <subfield code="a">4, 6, 503 p.</subfield>
    <subfield code="b">;</subfield>
    <subfield code="c">21 cm.</subfield>
  </datafield>
  <datafield tag="500" ind1=" " ind2=" ">
    <subfield code="a">Translation of: The selected works of Martin Luther.</subfield>
  </datafield>
  <datafield tag="505" ind1=" " ind2=" ">
    <subfield code="a">&#x8DEF;&#x5FB7;&#x5730;&#x4F1F;&#x5927;&#x5728;&#x4E8E;&#x4ED6;&#x4E0A;&#x5E1D;&#x7684;&#x5FE0;&#x8BDA;&#x4E0E;&#x5BF9;&#x8036;&#x7A23;&#x57FA;&#x7763;&#x798F;&#x97F3;&#x7684;&#x6FC0;&#x60C5;&#x3002;&#x5F15;&#x7206;16&#x4E16;&#x7EAA;&#x6559;&#x6539;&#x9769;&#x706B;&#x836F;&#x6876;&#x7684;&#x90A3;&#x4E00;&#x7C92;&#x706B;&#x661F;&#xFF0C;&#x6B63;&#x662F;&#x4ECE;&#x8DEF;&#x5FB7;&#x7684;&#x5FC3;&#x7075;&#x91CC;&#x53D1;&#x51FA;&#x6765;&#x7684;&#x3002;&#x4ECA;&#x5929;&#x7684;&#x6211;&#x4EEC;&#x4ECD;&#x7136;&#x751F;&#x6D3B;&#x5728;&#x4ED6;&#x7684;&#x5F71;&#x54CD;&#x4E4B;&#x4E0B;&#x3002;

&#x8DEF;&#x5FB7;&#x7684;&#x8457;&#x4F5C;&#x662F;&#x96BE;&#x4EE5;&#x7A77;&#x5C3D;&#x7684;&#x5927;&#x6D77;&#xFF0C;&#x672C;&#x4E66;&#x7684;&#x6536;&#x5F55;&#x53EA;&#x662F;&#x5176;&#x4E2D;&#x4E3B;&#x6D41;&#x7684;&#x4E00;&#x5C0F;&#x90E8;&#x5206;&#x3002;&#x4ED6;&#x65F6;&#x800C;&#x6ED4;&#x6ED4;&#x96C4;&#x8FA9;&#xFF0C;&#x65F6;&#x800C;&#x606C;&#x9759;&#x4F18;&#x7F8E;&#x7684;&#x6587;&#x5B57;&#x8DB3;&#x4EE5;&#x5149;&#x8000;&#x5343;&#x590F;&#x5929;&#xFF0C;&#x5F70;&#x663E;&#x51FA;&#x4E0D;&#x80FD;&#x63A9;&#x853D;&#x7684;&#x5149;&#x8F89;&#x4E0E;&#x65E0;&#x53EF;&#x62B5;&#x5FA1;&#x7684;&#x80FD;&#x529B;&#xFF0C;&#x6298;&#x5C04;&#x51FA;&#x4ED6;&#x7F8E;&#x597D;&#x7684;&#x7075;&#x6027;&#x548C;&#x5929;&#x6069;&#x7684;&#x8D50;&#x798F;&#x3002;</subfield>
  </datafield>
  <datafield tag="650" ind1=" " ind2=" ">
    <subfield code="a">Christianity and politics -- Early works to 1800.</subfield>
  </datafield>
  <datafield tag="650" ind1=" " ind2=" ">
    <subfield code="a">Luther, Martin, -- 1483-1546.</subfield>
  </datafield>
  <datafield tag="650" ind1=" " ind2=" ">
    <subfield code="a">Luther, Martin, -- 1483-1546.</subfield>
  </datafield>
  <datafield tag="700" ind1=" " ind2=" ">
    <subfield code="a">&#x9A6C;&#x4E01;&#xB7;&#x8DEF;&#x5FB7;</subfield>
  </datafield>
  <datafield tag="710" ind1=" " ind2=" ">
    <subfield code="a">&#x7FFB;&#x8BD1;&#x5C0F;&#x7EC4;&#x8BD1;</subfield>
  </datafield>
  <datafield tag="942" ind1=" " ind2=" ">
    <subfield code="c">CB</subfield>
    <subfield code="2">ddc</subfield>
  </datafield>
  <datafield tag="952" ind1=" " ind2=" ">
    <subfield code="0">0</subfield>
    <subfield code="1">0</subfield>
    <subfield code="2">LCC</subfield>
    <subfield code="4">0</subfield>
    <subfield code="7">0</subfield>
    <subfield code="a">GETS</subfield>
    <subfield code="b">GETS</subfield>
    <subfield code="c">GEN</subfield>
    <subfield code="d">2020-08-12</subfield>
    <subfield code="l">2</subfield>
    <subfield code="m">2</subfield>
    <subfield code="o">BR331 .C5 2003&#xA0;</subfield>
    <subfield code="p">00001063</subfield>
    <subfield code="r">2023-12-27 17:46:07</subfield>
    <subfield code="s">2023-10-12</subfield>
    <subfield code="w">2020-08-12</subfield>
    <subfield code="y">CB</subfield>
  </datafield>
  <datafield tag="999" ind1=" " ind2=" ">
    <subfield code="c">2208</subfield>
    <subfield code="d">2208</subfield>
  </datafield>
</record>
